Cambodia : 2015 Article IV Consultation-Press Release; Staff Report; and Statement by the Executive Director for Cambodia.

This 2015 Article IV Consultation highlights that economic activity in Cambodia remained strong with a growth rate at 7 percent in 2014, notwithstanding appreciation of the real effective exchange rate following U.S. dollar strengthening and growing competition from other low-cost garment producers....

Disgrifiad llawn

Manylion Llyfryddiaeth
Awdur Corfforaethol: International Monetary Fund. Asia and Pacific Dept
Fformat: Cylchgrawn
Iaith:English
Cyhoeddwyd: Washington, D.C. : International Monetary Fund, 2015.
Cyfres:IMF Staff Country Reports; Country Report ; No. 2015/307
Mynediad Ar-lein:Full text available on IMF
LEADER 01883cas a2200241 a 4500
001 AALejournalIMF015604
008 230101c9999 xx r poo 0 0eng d
020 |c 5.00 USD 
020 |z 9781513520254 
022 |a 1934-7685 
040 |a BD-DhAAL  |c BD-DhAAL 
110 2 |a International Monetary Fund.  |b Asia and Pacific Dept. 
245 1 0 |a Cambodia :   |b 2015 Article IV Consultation-Press Release; Staff Report; and Statement by the Executive Director for Cambodia. 
264 1 |a Washington, D.C. :  |b International Monetary Fund,  |c 2015. 
300 |a 1 online resource (69 pages) 
490 1 |a IMF Staff Country Reports 
500 |a <strong>Off-Campus Access:</strong> No User ID or Password Required 
500 |a <strong>On-Campus Access:</strong> No User ID or Password Required 
506 |a Electronic access restricted to authorized BRAC University faculty, staff and students 
520 3 |a This 2015 Article IV Consultation highlights that economic activity in Cambodia remained strong with a growth rate at 7 percent in 2014, notwithstanding appreciation of the real effective exchange rate following U.S. dollar strengthening and growing competition from other low-cost garment producers. Inflation fell in 2014 and through 2015, owing to strong external disinflationary pressures from lower food and oil prices. The short-term outlook remains broadly favorable. Growth is projected to remain robust at 7 percent in 2015, while inflation is projected to rise gradually to about 2 percent by end-2015. The fiscal deficit is projected to rise modestly to 2 percent in 2015 as a result of strong measures to improve revenue administration. 
538 |a Mode of access: Internet 
830 0 |a IMF Staff Country Reports; Country Report ;  |v No. 2015/307 
856 4 0 |z Full text available on IMF  |u http://elibrary.imf.org/view/journals/002/2015/307/002.2015.issue-307-en.xml  |z IMF e-Library